Hệ thống an sinh xã hội của một số nước EU giai đoạn hậu khủng hoảng tài chính - kinh tế toàn cầu
Cuốn sách đề cập đến tính phổ quát nhất của hệ thống an sinh xã hội của các nước EU. Từ đó, tác giả rút ra những ưu điểm và hạn chế của hệ thống an sinh xã hội của các nước này, phương hướng cải cách an sinh xã hội cuả chính phủ c...
Enregistré dans:
| Auteur principal: | |
|---|---|
| Format: | Livre |
| Langue: | Undetermined |
| Publié: |
Hà Nội
Chính trị Quốc gia
2013
|
| Sujets: | |
| Tags: |
Ajouter un tag
Pas de tags, Soyez le premier à ajouter un tag!
|
| Thư viện lưu trữ: | Trung tâm Học liệu Trường Đại học Cần Thơ |
|---|
| LEADER | 01153nam a2200205Ia 4500 | ||
|---|---|---|---|
| 001 | CTU_197038 | ||
| 008 | 210402s9999 xx 000 0 und d | ||
| 020 | |c 63000 | ||
| 082 | |a 362.94 | ||
| 082 | |b T502 | ||
| 100 | |a Đinh, Công Tuấn | ||
| 245 | 0 | |a Hệ thống an sinh xã hội của một số nước EU giai đoạn hậu khủng hoảng tài chính - kinh tế toàn cầu | |
| 245 | 0 | |c Đinh Công Tuấn | |
| 260 | |a Hà Nội | ||
| 260 | |b Chính trị Quốc gia | ||
| 260 | |c 2013 | ||
| 520 | |a Cuốn sách đề cập đến tính phổ quát nhất của hệ thống an sinh xã hội của các nước EU. Từ đó, tác giả rút ra những ưu điểm và hạn chế của hệ thống an sinh xã hội của các nước này, phương hướng cải cách an sinh xã hội cuả chính phủ các nước EU và rút ra những bài học kinh nghiệm cho Việt Nam | ||
| 650 | |a Welfare,Chính sách an sinh xã hội | ||
| 904 | |i Nguyên | ||
| 980 | |a Trung tâm Học liệu Trường Đại học Cần Thơ | ||